Διαχείριση κρίσεων από πλευράς διευθυντή και εκπαιδευτικών στη σχολική μονάδα : διπλωματική εργασία [μεταπτυχιακή εργασία]
Αποθηκεύτηκε σε:
| Κύριος συγγραφέας: | |
|---|---|
| Συγγραφή απο Οργανισμό/Αρχή: | |
| Άλλοι συγγραφείς: | |
| Μορφή: | Thesis Βιβλίο |
| Γλώσσα: | Greek |
| Δημοσίευση: |
2011
|
| Θέματα: | |
| Ετικέτες: |
Προσθήκη ετικέτας
Δεν υπάρχουν, Καταχωρήστε ετικέτα πρώτοι!
|
MARC
| LEADER | 00000cam a2200000 i 4500 | ||
|---|---|---|---|
| 001 | 1/14881 | ||
| 008 | 110906s2011 gre d | ||
| 035 | |l 10110750 | ||
| 040 | |a GR-MY-UA |b gre |e aacr | ||
| 041 | 0 | |a gre | |
| 082 | 0 | |a 371.7 |2 (22) | |
| 100 | 1 | |a Ιωαννίδου, Μαρία Τ. | |
| 245 | 1 | 0 | |a Διαχείριση κρίσεων από πλευράς διευθυντή και εκπαιδευτικών στη σχολική μονάδα : |b διπλωματική εργασία [μεταπτυχιακή εργασία] / |c Ιωαννίδου Τ. Μαρία ; επιβλέπων: Νικήτας Πολεμικός |
| 260 | |c 2011 | ||
| 300 | |a 133 σ.; |b πιν.; |c 30 εκ. | ||
| 500 | |a Μέλη εξεταστικής επιτροπής: Αναστάσιος Κοντάκος, Ιωάννης Χατζηγεωργίου | ||
| 502 | # | # | |a Διατριβή (μεταπτυχιακή) – Πανεπιστήμιο Αιγαίου, Ρόδος, 2011. |
| 504 | |a Βιβλιογραφία: σ. 120-126 | ||
| 650 | 0 | 0 | |a School crisis management. |
| 650 | 0 | 0 | |a School personnel management. |
| 650 | 0 | 0 | |a School administrators |z Greece. |
| 650 | 0 | 0 | |a Crisis management. |
| 650 | 0 | 0 | |a School psychology. |
| 650 | 0 | 0 | |a Interpersonal relations. |
| 650 | 0 | 0 | |a Dissertations, Academic |z Greece. |
| 700 | 1 | |a Πολεμικός, Νικήτας Ε. |4 ths | |
| 710 | 2 | |a Πανεπιστήμιο Αιγαίου |b Σχολή Ανθρωπιστικών Επιστημών |b Τμήμα Επιστημών της Προσχολικής Αγωγής και του Εκπαιδευτικού Σχεδιασμού |b Πρόγραμμα Μεταπτυχιακών Σπουδών Μοντέλα Σχεδιασμού και Ανάπτυξης Εκπαιδευτικών Μονάδων . | |
| 852 | |a INST |b RHODES |c DIATR |e 20110906 |h 371.7 ΙΩΑ |p 005400033141 |q 005400033141 |t MTXE |y 23 | ||
| 852 | |a INST |b RHODES |c DIATR |e 20110906 |h 371.7 ΙΩΑ |p 005400033142 |q 005400033142 |t MTXE |y 23 | ||
| 901 | |a BIBL4-2011-3 | ||
| 909 | |a Ρ |b 164072 | ||
| 909 | |a Ρ |b 164073 | ||
| 924 | |a ΙΩΑΝΝΙΔΟΥ |b ΜΑΡΙΑ Τ. |y ΡΟΔΟΣ |z 2011-09 | ||
| 970 | |z 2010/05/ | ||